000 01566nam0a22003251 4500
001 v19\rc\1716561
005 20250619035525.0
035 _a(NLR Aleph) 004815164
090 _a4965847
_c4965847
100 _a20061002e19001900|||y0rusy50 ca
101 1 _arus
_cfre
102 _aRU
105 _aa z |||||
200 1 _aРассасывание клеток
_fИ. Мечников
_g!(Пер. из Annales de l'Institut Pasteur, 1899, p. 737-769 Владимира Конге)
210 _a[Санкт-Петербург]
_cтип. Мин. вн. дел
_d[1900]
215 _a26 с.
_cтабл.
_d24
309 _aБез тит. л. и обл.
311 _aОтт. из журн. "Архив вет. наук" за май и июнь 1900 г., кн. 5, с. 256-265; кн. 6, с. 277-294
488 0 _12001#$aАрхив ветеринарных наук$v1900, кн. 5, май
_1215##$aС. 256-265
_tАрхив ветеринарных наук
488 0 _12001#$aАрхив ветеринарных наук$v1900, кн. 6, июнь
_1215##$aС. 277-294
_tАрхив ветеринарных наук
488 0 _12001#$aAnnales de l'Institut Pasteur$v1899
_1215##$aP. 737-769 с.
_tAnnales de l'Institut Pasteur
700 1 _aМечников
_bИ.И.
_f1845-1916
_gИлья Ильич
702 1 _aКонге
_bВ.В.
_gВладимир Владимирович
_4730
801 0 _aRU
_bNLR
_gpsbo
801 0 _aRU
_bRuMoRGB
_2psbo
801 1 _aRU
_bProSoft-M
_2rusmarc
852 _aNLR
_j20.60.1.108
899 _aRuMoRGB
_jF 83/1163
942 _cBOOK
980 _aNB